[Event "IECC CL6-2007.06 email"]
[Site "IECC email"]
[Date "2007.05.06"]
[Round "?"]
[White "Hare, Michael"]
[Black "Ratliff, Charles"]
[Result "1/2-1/2"]
[WhiteElo "1228"]
[BlackElo "1333"]
[PlyCount "72"]
[EventDate "2007.??.??"]
[EventType "tourn (corr)"]
[EventRounds "4"]
[SourceTitle "Corr 2011"]
[Source "ChessBase"]
[SourceDate "2010.08.31"]
[SourceVersion "1"]
[SourceVersionDate "2010.08.31"]
[SourceQuality "1"]
[WhiteTeam "Italy"]
[BlackTeam "Chile"]
[WhiteTeamCountry "ITA"]
[BlackTeamCountry "CHI"]

1. c4 Nf6 2. Nc3 e6 3. e4 d5 4. e5 d4 5. exf6 dxc3 6. bxc3 Qxf6 7. d4 b6 8. Nf3 Bb7 9. Bd3 Bxf3 10. gxf3 Nd7 11. Be4 Rd8 12. Qa4 Bd6 13. Be3 a5 14. Ke2 0-0 15. Rag1 Bf4 16. Qc2 Bxe3 17. fxe3 Qh6 18. Qd1 e5 19. Rg3 Nf6 20. Bd3 exd4 21. cxd4 Rfe8 22. Qd2 Kh8 23. Bc2 Nh5 24. Rg4 Nf4+ 25. Kd1 Ne6 26. Kc1 Nc5 27. Rhg1 g6 28. Rg5 Ne6 29. Re5 Qg7 30. Qc3 c5 31. d5 Nc7 32. Rxe8+ Nxe8 33. Qxg7+ Kxg7 34. Kd2 Nd6 35. Kc3 f5 36. a4 Re8 1/2-1/2